000 00763nam a2200229 a 4500
001 000022012
005 20200930011538.0
008 100915s1982 mx ac r 000 0 spa d
020 _a9684091508
040 _aDO-SdBNP
_bspa
_cBNPHU
082 _a333.79
_bM596e
100 1 _aMetzger, Norman
_945633
245 1 0 _aEnergía :
_bcrisis continua /
_cNorman Metzger.
260 _aMéxico, D. F. :
_bEDAMEX,
_c1982.
300 _a343 p. :
_bil., retrs. ;
_c20 cm.
500 _aIncluye bibliografía p. [339-340].
534 _tEnergy : the continuing crisis
650 4 _aRecursos energéticos
_zEstados Unidos
_945634
650 4 _aPolítica energética
_zEstados Unidos
_945635
710 1 _aDEpto. de Lenguas Extranjeras de EDAMEX,
_etr.
_945636
049 _aBNGR
999 _c21510
_d21510